000 00861 a2200217 4500
001 48639
005 20260407155751.0
008 260407a2016 arg spa d
003 AR-UNSa-BCEJYS
040 _aAR-UNSa-BCEJYS
_bspa
_cAR-UNSa-BCEJYS
080 _a311.3:331
_xEstadística Oficial en Trabajo. Empleo. Organización del trabajo
245 1 0 _aEstadìsticas de registros laborales
_paspectos conceptuales para la medición de la evolución de puestos de trabajo, remuneraciones y costo salarial
020 _a978-950-896-490-8
264 1 _aBuenos Aires :
_bINDEC
_c2016
300 _a16 p.
_c25 cm.
041 _aspa
942 _cBK
590 _aniveau_biblio:m niveau_hierar:0
100 1 _aInstituto Nacional de Estadística y Censos (INDEC)
856 4 1 _uhttps://www.biblioeco.unsa.edu.ar/pmb/images/libros/D00086
_yImagen de portada
_qimage/jpeg
999 _c4667
_d4667